000 00395nam a2200145Ia 4500
008 230917s9999||||xx |||||||||||||| ||und||
040 _e117843
_aMAIN
041 _aEnglish
082 _a595.7 Z76H
100 _aZoological Survey of India
245 0 _aHigh altitude entomology and wild life ecology
260 _aCalcutta
_bZoological Survey of India
_c1984
300 _a366 p.
942 _cBK
999 _c85331
_d85331